| 000 | 00374 a2200169 4500 | ||
|---|---|---|---|
| 001 | 173386 | ||
| 020 | _a85-7153-007-6 | ||
| 040 | _cMagnum | ||
| 100 | _aAraujo, Maria Lysia Correa de | ||
| 240 | 1 | 0 |
_aO carneirinho diferente _lpor |
| 245 | 1 | 0 | _aO carneirinho diferente |
| 300 | _a12 | ||
| 362 | 0 | _a1987 | |
| 440 | 1 | _aRHJ | |
| 697 | _aLITERATURA INFANTO | ||
| 942 | _cBK | ||
| 999 |
_c173386 _d173386 |
||